| 000 | 00416nam a2200145 a 4500 | ||
|---|---|---|---|
| 001 | 000034299 | ||
| 005 | 20200930073627.0 | ||
| 008 | 111003s20uu dr 000 0 spa d | ||
| 040 |
_aDO-SdBNP _bspa _cBNPHU |
||
| 100 | 1 |
_aBenedicto, Jone _959730 |
|
| 245 | 1 | 0 |
_aKamasutrea urbano en 5 pasos / _cJone Benedicto. |
| 260 |
_a[s.l] : _b[s.n.], _c[200?]. |
||
| 300 |
_a1v. Con varias paginaciones ; _c28 cm. |
||
| 049 | _aBNPD | ||
| 999 |
_c33790 _d33790 |
||